000 00706nam a22002292 4500
001 0000023411
005 20151217152241.0
008 121121s xx 000 0 eng d
020 _a8120333215 :
040 _aKABU
_cKABU
100 1 _aReddy, M. Kasi.
_@0000182785
245 1 0 _aManagerial economics and financial accounting /
_cM. Kasi Reddy, S. Saraswathi.
250 _a1st ed.
260 _aNew Delhi :
_bPHI,
_c2007.
300 _axiv, 578 p.
650 0 _aManagerial economics.
_@0000150546
650 0 _aManagerial accounting.
_@0000151472
700 1 _aSaraswathi, S.
_@0000182786
852 1 _9p1340 KES
908 _a121121
950 _@1
999 _c9815
_d9815